| 000 | 00452nam a2200145Ia 4500 | ||
|---|---|---|---|
| 008 | 211109s9999||||xx |||||||||||||| ||und|| | ||
| 082 |
_a894.432 _bCHA-H |
||
| 100 | _aChandrahasan, A | ||
| 245 | 0 | _aHindi Padyavali | |
| 260 |
_bUn Known _aMisplace _c1951 |
||
| 300 | _a95p. | ||
| 630 | _xGeneral Stack | ||
| 650 |
_aLiterature & rhetoric _vLiteratures of other languagesEast Indo-European & Celtic literaturesHindi Literature _xGeneralia |
||
| 942 | _cBOOK | ||
| 999 |
_c15760 _d15760 |
||